| 000 | 01099nam a2200241Ia 4500 | ||
|---|---|---|---|
| 999 |
_c4932 _d4932 |
||
| 003 | OSt | ||
| 005 | 20200402113228.0 | ||
| 008 | 191128s1955 mx gr 001 0 spa d | ||
| 020 | _a9580600511 | ||
| 040 |
_aCO-JMCR _cCO-JMCR |
||
| 041 | 0 | _aspa | |
| 082 | 0 | 4 |
_a109 / _bH23l |
| 100 | 1 |
_aHegel, Georg Wilhelm Friedrich, _eautor _92368 |
|
| 245 | 1 | 0 |
_aLecciones sobre historia de la filosofía III / _cGeorg Wilhelm Friedrich Hegel |
| 250 | _aPrimera edición | ||
| 260 |
_aMéxico : _bFondo de Cultura Económica, _c1955 |
||
| 300 |
_a534 páginas ; _c21 cm. |
||
| 490 | 0 | _aSección de obras de filosofía | |
| 505 | _aLos neoplatonicos -- La filosofía de la edad media -- La filosofía de los árabes -- La filosofía escolástica -- El renacimiento de las ciencias -- La filosofía moderna | ||
| 520 | _aEn este último tomo de las lecciones sobre la historia de la filosofía se concentra en el final de la filosofía griega, que unida a la revolución operada en el mundo por el cristianismo abre una época totalmente nueva. | ||
| 650 | 1 | 4 |
_aFilosofía _xHistoria _92422 |
| 942 |
_2ddc _cBK |
||